Science Quiz

Random Science Quiz

Unit Circle Game Quiz Stats

 Plays Quiz not verified by Sporcle

Support Sporcle.
Go Orange.
Score 0/15 Timer 02:00
0 Plays Today
The Radians The Degree % Correct
╥/290
99.1%
╥/630
98.3%
╥/445
98.3%
2╥/3120
88.9%
2╥360
88%
5╥/4225
82.9%
11╥/6330
82.9%
3╥/2270
81.2%
The Radians The Degree % Correct
180
81.2%
5╥/6150
76.1%
4╥/3240
72.6%
7╥/4315
68.4%
╥/360
67.5%
7╥/6210
65.8%
3╥/4135
60.7%

You're not logged in!

Compare scores with friends on all Sporcle quizzes.
OR
Log In

From the Vault

The Last Couple Dozen Centuries

by betraisefold

Sometimes the centuries just run together, ya know?
Remove Ads.
Support Sporcle.
Get the best of Sporcle when you Go Orange. This ad-free experience offers more features, more stats, and more fun while also helping to support Sporcle. Thank you for becoming a member.

Show Comments

Extras

Created Mar 20, 2012ReportNominate

Top Quizzes Today


Score Distribution

Your Account Isn't Verified!

In order to create a playlist on Sporcle, you need to verify the email address you used during registration. Go to your Sporcle Settings to finish the process.

Report this User

Report this user for behavior that violates our Community Guidelines.

Details: